Szczegóły MARC21

Dawni pisarze polscy : od początków piśmiennictwa do Młodej Polski : przewodnik biograficzny i bibliograficzny. T. 5, U-Ż, uzupełnienia, indeksy /

003 -Nazwa inst., której nr kontr. jest w polu 001 [,]
    • @
    • Nazwa instytucji, której n kontrolny jest w polu 001
    • NUKAT
005 -DATA I CZAS OSTATNIEJ MODYFIKACJI [,]
    • @
    • pole kontrolne
    • 20241231092748.0
020 -Międzynarod. znormalizowany nr książki - ISBN [ , ]
    • a
    • Numer ISBN
    • 8389348284 Find
020 -Międzynarod. znormalizowany nr książki - ISBN [ , ]
    • a
    • Numer ISBN
    • 8302075248 Find
    • q
    • Dopowiedzenie
    • t. 1-4
040 -Instytucja sporządzająca opis [ , ]
    • a
    • Instytucja, która sporządziła opis (NP)
    • LUBL M/JD
    • b
    • Język katalogowania
    • pol
    • e
    • Zasady katalogowania
    • rda
    • c
    • Instytucja, która sporządziła rekord (NP)
    • LUBL M/JD
    • d
    • Instytucja, która zmodyfikowała rekord (P)
    • LUBL M/JDs
    • d
    • Instytucja, która zmodyfikowała rekord (P)
    • LUBL M/IK
    • d
    • Instytucja, która zmodyfikowała rekord (P)
    • WR O/GWs
    • d
    • Instytucja, która zmodyfikowała rekord (P)
    • WA 248/ae
    • d
    • Instytucja, która zmodyfikowała rekord (P)
    • SZCZ U/MC
942 -Rodzaj dokumentu [ , ]
    • c
    • Rodzaj dokumentu
    • Książka
245 -Strefa tytułu i oznaczenia odpowiedzialności [0,0]
    • a
    • Tytuł
    • Dawni pisarze polscy : Find
    • b
    • Ciąg dalszy tytułu (NP)
    • od początków piśmiennictwa do Młodej Polski : przewodnik biograficzny i bibliograficzny. Find
    • n
    • Oznaczenie części (P)
    • T. 5,
    • p
    • Nazwa części (P)
    • U-Ż, uzupełnienia, indeksy /
    • c
    • Pozostałe elementy strefy tytułu i oznaczenia odpowiedzialności (NP)
    • koordynacja całości Roman Loth ; autorzy haseł tomu V: Wiesława Albrecht-Szymanowska, Elżbieta Aleksandrowska, Halina Gacowa, Anna Polakowska, Izabella Teresińska, Tadeusz Witczak, Michał Witkowski.
260 -Strefa adresu wydawniczego [ , ]
    • a
    • Miejsce wydania (P)
    • Warszawa :
    • b
    • Nazwa wydawcy (P)
    • Fundacja Akademia Humanistyczna :
    • b
    • Nazwa wydawcy (P)
    • Instytut Badań Literackich,
    • c
    • Data wydania (P)
    • 2004.
300 -Strefa opisu fizycznego [ , ]
    • a
    • Określenie formy książki i/lub objętość (NP)
    • 746, [2] strony ;
    • c
    • Format (NP)
    • 25 cm.
336 -Typ zawartości [ , ]
    • a
    • Termin opisujący typ zawartości
    • Tekst
    • b
    • Kod określający zawartość
    • txt
    • 2
    • Źródło (terminu i kodu)
    • rdacontent
337 -Typ mediów [ , ]
    • a
    • Tryb odtwarzania
    • Bez urządzenia pośredniczącego
    • b
    • Kod typu mediów
    • n
    • 2
    • Źródło (terminu i kodu)
    • rdamedia
338 -Typ/rodzaj nośnika [ , ]
    • a
    • Hasło opisujące typ nośnika
    • Wolumin
    • b
    • Kod typu nośnika
    • nc
    • 2
    • Źródło (terminu i kodu)
    • rdacarrier
490 -Strefa serii i książki wielotomowej - forma nie do wyszukiwania [1, ]
    • a
    • Tytuł (P)
    • Z Prac Instytutu Badań Literackich Polskiej Akademii Nauk Find
830 -Hasło dodatkowe serii i opisu książki wielotomowej - tytuł ujednolicony/tytuł [ ,0]
    • a
    • Tytuł ujednolicony/tytuł (NP)
    • Z Prac Instytutu Badań Literackich PAN
    • 9
    • KHW
    • 22727
504 -Uwaga dot. bibliogr. załącznikowej [ , ]
    • a
    • Uwaga dot. bibliografii załącznikowej
    • Indeksy.
530 -Uwaga dot. innej postaci fizycznej dokumentu [ , ]
    • a
    • Uwaga dot. innej postaci fizycznej dokumentu
    • Dostępne także w wersji elektronicznej.
536 -Uwaga dot. finansowania książki [ , ]
    • a
    • Tekst uwagi
    • Tytuł dotowany przez Ministra Edukacji Narodowej i Sportu.
080 -Uniwersalna Klasyfikacja Dziesiętna [ , ]
    • 2
    • Identyfikator wydania tablic
    • UDC-P058
    • a
    • Symbol klasyfikacji
    • 821.162.1(091)
    • b
    • Dopowiedzenie
    • Literatura polska (historia). - opracowania krytyczne.
080 -Uniwersalna Klasyfikacja Dziesiętna [ , ]
    • 2
    • Identyfikator wydania tablic
    • UDC-P058
    • a
    • Symbol klasyfikacji
    • 929-052
    • b
    • Dopowiedzenie
    • Biografie zbiorowe.
080 -Uniwersalna Klasyfikacja Dziesiętna [ , ]
    • 2
    • Identyfikator wydania tablic
    • UDC-P058
    • a
    • Symbol klasyfikacji
    • 016
    • b
    • Dopowiedzenie
    • Bibliografie dziedzin i zagadnień.
080 -Uniwersalna Klasyfikacja Dziesiętna [ , ]
    • 2
    • Identyfikator wydania tablic
    • UDC-P058
    • a
    • Symbol klasyfikacji
    • 012
    • b
    • Dopowiedzenie
    • Bibliografie prac poszczególnych autorów (osobowe, podmiotowe), poszczególnych dzieł oraz wydawnictw poszczególnych instytucji.
650 -Hasło przedmiotowe [ ,7]
    • a
    • Hasło przedmiotowe
    • Literatura polska
    • v
    • Określnik formalny
    • biobibliografia.
    • 2
    • Źródło terminu
    • kaba
    • 9
    • KHW
    • 117376
650 -Hasło przedmiotowe [ ,7]
    • a
    • Hasło przedmiotowe
    • Pisarze polscy
    • v
    • Określnik formalny
    • biografie
    • v
    • Określnik formalny
    • słowniki.
    • 2
    • Źródło terminu
    • kaba
    • 9
    • KHW
    • 356375
980 -Symbol UKD [ , ]
    • a
    • UKD
    • 016:012:821.162.1(091):929-052
700 -Hasło dodatkowe - nazwa osobowa [1, ]
    • a
    • Nazwa osobowa (NP)
    • Loth, Roman Find
    • d
    • Daty biograficzne (NP)
    • (1931-2019).
    • e
    • Określenie rodzaju współpracy
    • Redakcja
    • 9
    • KHW
    • 9180
700 -Hasło dodatkowe - nazwa osobowa [1, ]
    • a
    • Nazwa osobowa (NP)
    • Albrecht-Szymanowska, Wiesława Find
    • d
    • Daty biograficzne (NP)
    • (1936- ).
    • e
    • Określenie rodzaju współpracy
    • Autor
    • 9
    • KHW
    • 72031
700 -Hasło dodatkowe - nazwa osobowa [1, ]
    • a
    • Nazwa osobowa (NP)
    • Aleksandrowska, Elżbieta Find
    • d
    • Daty biograficzne (NP)
    • (1928- ).
    • e
    • Określenie rodzaju współpracy
    • Autor
    • 9
    • KHW
    • 50943
700 -Hasło dodatkowe - nazwa osobowa [1, ]
    • a
    • Nazwa osobowa (NP)
    • Gacowa, Halina Find
    • d
    • Daty biograficzne (NP)
    • (1927- ).
    • e
    • Określenie rodzaju współpracy
    • Autor
    • 9
    • KHW
    • 99093
700 -Hasło dodatkowe - nazwa osobowa [1, ]
    • a
    • Nazwa osobowa (NP)
    • Polakowska, Anna Find
    • d
    • Daty biograficzne (NP)
    • (1923- ).
    • e
    • Określenie rodzaju współpracy
    • Autor
    • 9
    • KHW
    • 486166
700 -Hasło dodatkowe - nazwa osobowa [1, ]
    • a
    • Nazwa osobowa (NP)
    • Teresińska, Izabella Find
    • d
    • Daty biograficzne (NP)
    • (1926- ).
    • e
    • Określenie rodzaju współpracy
    • Autor
    • 9
    • KHW
    • 454837
700 -Hasło dodatkowe - nazwa osobowa [1, ]
    • a
    • Nazwa osobowa (NP)
    • Witczak, Tadeusz Find
    • d
    • Daty biograficzne (NP)
    • (1927-2018).
    • e
    • Określenie rodzaju współpracy
    • Autor
    • 9
    • KHW
    • 346463
700 -Hasło dodatkowe - nazwa osobowa [1, ]
    • a
    • Nazwa osobowa (NP)
    • Witkowski, Michał Find
    • d
    • Daty biograficzne (NP)
    • (1927-1996).
    • e
    • Określenie rodzaju współpracy
    • Autor
    • 9
    • KHW
    • 83864
710 -Hasło dodatkowe - nazwa ciała zbiorowego [2, ]
    • a
    • Nazwa ciała zbiorowego lub nazwa geograficzna jako pierwszy element (NP)
    • Fundacja Akademia Humanistyczna.
    • e
    • Rodzaj współpracy
    • Wydawca
    • 4
    • Kod relacji
    • pbl
    • 9
    • KHW
    • 53681
710 -Hasło dodatkowe - nazwa ciała zbiorowego [2, ]
    • a
    • Nazwa ciała zbiorowego lub nazwa geograficzna jako pierwszy element (NP)
    • Polska Akademia Nauk.
    • b
    • Nazwa jednostki podrzędnej (P)
    • Instytut Badań Literackich.
    • b
    • Nazwa jednostki podrzędnej (P)
    • Wydawnictwo.
    • e
    • Rodzaj współpracy
    • Wydawca
    • 4
    • Kod relacji
    • pbl
    • 9
    • KHW
    • 53680
856 -Dostęp do wersji elektronicznej [4,1]
920 -ISBN [ , ]
    • a
    • ISBN
    • 83-89348-28-4 Find
920 -ISBN [ , ]
    • a
    • ISBN
    • 83-02-07524-8 Find
    • q
    • Dopowiedzenie
    • t. 1-4
Lokalizacja Data inwentaryzacji Status udost. Numer inwentarzowy Sygnatura Obwoluta
BG2008-12-091Z.111997Z.973821
BM2019-02-251P.27122POL. Literatura pol. – słow. 351